000 00661nam a22002177a 4500
999 _c21369
_d21369
003 AR-CdUCM
008 190225b ||||| |||| 00| 0 spa d
020 _a9786124747786
040 _aMUNICIPALIDAD PROVINCIAL DEL CUSCO
_cBIBLIOTECA MUNICIPAL DEL CUSCO
082 _aES/869.56/S66B
_bS66B
100 _aSolís Mendoza, July Katerin
_944571
245 _aBalbuceos de un pequeño Dios /
260 _aLima ;
_bParacaídas,
_c2018.
300 _a51 Páginas. :
_c19 cm.
505 _aContenido: Poesías.
650 _aPoesías peruanas
_91481
650 _aLiteratura peruana
_9169
650 _aSiglo XXI
_944572
942 _2ddc
_cLIBROS
945 _aRoel